[Event "Sparkassen 2016"]
[Site "Dortmund GER"]
[Date "09.07.2016"]
[Round "1"]
[White "Nisipeanu, Liviu-Dieter"]
[Black "Ponomariov, Ruslan"]
[Result "1/2-1/2"]
[WhiteTitle "GM"]
[BlackTitle "GM"]
[WhiteElo "2674"]
[BlackElo "2706"]
[WhiteFideId "1202758"]
[BlackFideId "14103320"]
[EventDate "09.07.2016"]

1. d4 Nf6 2. c4 e6 3. Nc3 Bb4 4. Qc2 d6 5. Nf3 O-O 6. g3 Nc6 7. Bg2 e5 8. d5 Ne7
9. O-O a6 10. a3 Bc5 11. Bg5 Ne8 12. b4 Ba7 13. e4 h6 14. Be3 f5 15. Bxa7 Rxa7
16. exf5 Bxf5 17. Qd2 Nf6 18. Nh4 Bh7 19. f4 exf4 20. Rxf4 g5 21. Rf2 gxh4 22.
Qd4 Ra8 23. Rxf6 Nf5 24. Qg4+ Kh8 25. Re6 hxg3 26. hxg3 Rg8 27. Qf4 Rxg3 28. Ne4
Rg6 29. Rf1 Qh4 30. Rxg6 Qxf4 31. Rxf4 Bxg6 32. c5 Rd8 33. Nc3 Kg7 34. c6 b5 35.
a4 bxa4 36. b5 axb5 37. Nxb5 a3 38. Ra4 Ne3 39. Nxc7 Kf6 40. Bf3 Rc8 41. Rxa3
Rxc7 42. Rxe3 Re7 43. Rc3 Bf5 44. Kf2 Ra7 45. Kg3 Kg5 46. c7 Bc8 47. Rc6 h5 48.
Rxd6 h4+ 49. Kf2 Rxc7 50. Rc6 Rxc6 51. dxc6 1/2-1/2

[Event "Sparkassen 2016"]
[Site "Dortmund GER"]
[Date "09.07.2016"]
[Round "1"]
[White "Najer, Evgeniy"]
[Black "Buhmann, Rainer"]
[Result "1-0"]
[WhiteTitle "GM"]
[BlackTitle "GM"]
[WhiteElo "2687"]
[BlackElo "2653"]
[WhiteFideId "4118987"]
[BlackFideId "4651340"]
[EventDate "09.07.2016"]

1. e4 e6 2. d4 d5 3. Nc3 Nf6 4. e5 Nfd7 5. Nce2 c5 6. c3 Nc6 7. f4 Be7 8. Nf3
O-O 9. Be3 a5 10. h4 a4 11. Qc2 f5 12. Ng5 Nb6 13. dxc5 Nc4 14. Bg1 Qa5 15. Nd4
Nxd4 16. Bxd4 Bxc5 17. Bxc5 Qxc5 18. Bxc4 Qxc4 19. Qd2 Bd7 20. h5 Rfc8 21. h6 a3
22. b3 Qxc3 23. Qxc3 Rxc3 24. hxg7 Rc2 25. Rxh7 Bc8 26. Rh2 b6 27. Nxe6 Bxe6 28.
Rh8+ Kxg7 29. Rxa8 d4 30. Rd1 Rxa2 31. Rxd4 Bxb3 32. Ra7+ Kg6 33. Rd6+ Kh5 34.
Rg7 1-0

[Event "Sparkassen 2016"]
[Site "Dortmund GER"]
[Date "09.07.2016"]
[Round "1"]
[White "Dominguez Perez, Leinier"]
[Black "Kramnik, Vladimir"]
[Result "1/2-1/2"]
[WhiteTitle "GM"]
[BlackTitle "GM"]
[WhiteElo "2713"]
[BlackElo "2812"]
[WhiteFideId "3503240"]
[BlackFideId "4101588"]
[EventDate "09.07.2016"]

1. e4 e5 2. Nf3 Nc6 3. Bb5 Nf6 4. O-O Nxe4 5. Re1 Nd6 6. Nxe5 Be7 7. Bf1 Nxe5 8.
Rxe5 O-O 9. d4 Bf6 10. Re1 Re8 11. c3 Rxe1 12. Qxe1 Ne8 13. Bf4 d5 14. Bd3 g6
15. Nd2 Ng7 16. Nf3 Bf5 17. Bxf5 Nxf5 18. Qe2 c6 19. Re1 Ng7 20. Ne5 Bxe5 21.
Qxe5 f6 22. Qe7 Qxe7 23. Rxe7 Re8 24. Rxe8+ Nxe8 25. g4 Kf7 26. Kg2 Ng7 27. h3
Ne6 28. Bd6 Ke8 29. Kg3 Kd7 30. Bb8 a5 31. f4 a4 32. Kf3 b6 33. Ke3 c5 34. dxc5
bxc5 35. b3 d4+ 36. Kd3 dxc3 37. Kxc3 Nd4 38. f5 gxf5 39. bxa4 Kc6 40. gxf5 Nxf5
41. a5 Kb5 42. a4+ Kxa5 43. Bc7+ Kxa4 44. Kc4 Ng7 45. Bd6 Ne6 46. Bxc5 Nf4 47.
h4 h5 48. Bd6 Ng6 49. Kd5 f5 50. Ke6 f4 51. Kf5 f3 52. Bg3 f2 53. Bxf2 Nxh4+ 54.
Bxh4 1/2-1/2

[Event "Sparkassen 2016"]
[Site "Dortmund GER"]
[Date "10.07.2016"]
[Round "2"]
[White "Buhmann, Rainer"]
[Black "Dominguez Perez, Leinier"]
[Result "1/2-1/2"]
[WhiteTitle "GM"]
[BlackTitle "GM"]
[WhiteElo "2653"]
[BlackElo "2713"]
[WhiteFideId "4651340"]
[BlackFideId "3503240"]
[EventDate "09.07.2016"]

1. Nf3 Nf6 2. c4 g6 3. Nc3 Bg7 4. e4 d6 5. d4 O-O 6. Be2 e5 7. O-O Nc6 8. dxe5
dxe5 9. Bg5 Qxd1 10. Rfxd1 Be6 11. Nd5 Nxe4 12. Nxc7 Bg4 13. Nxa8 Nxg5 14. Nc7
e4 15. Nxg5 Bxe2 16. Re1 Bxc4 17. Rxe4 Bd3 18. Re8 Rxe8 19. Nxe8 Bxb2 20. Rd1
Bc4 21. Nd6 Bxa2 22. Nxb7 Nb4 23. Rd7 Bd5 24. Nd6 a5 25. Ra7 Nc6 26. Ra6 Bd4 27.
Nb5 Be5 28. Na7 Nd4 29. Rxa5 Ne2+ 30. Kh1 Nf4 31. f3 Bc7 32. Ra3 Bd6 33. Rc3 Bb4
34. Rc8+ Kg7 35. Nc6 Bc5 36. Ne5 Bd4 37. Nc6 Bc5 38. Ne4 Bxe4 39. fxe4 Nd3 40.
e5 Nf2+ 41. Kg1 Ng4+ 42. Kf1 Nxh2+ 43. Ke2 Ng4 44. Kf3 h5 45. Rc7 Kg8 46. Ke4
Bg1 47. Rb7 Bh2 48. Rb3 h4 49. Rb5 Bg3 50. Kf3 Nh2+ 51. Ke4 Ng4 52. Rb7 Nf2+ 53.
Ke3 Ng4+ 54. Kd4 Kf8 55. Rb3 Kg7 56. Kd5 Kf8 57. Ra3 Kg8 58. Ke4 Kg7 59. Ra7 Kg8
60. Rd7 Kf8 61. Ra7 Kg8 62. e6 fxe6 63. Ne7+ Kf7 64. Nd5+ Kg8 65. Nf4 Nf6+ 66.
Kf3 g5 67. Nxe6 g4+ 68. Ke2 Be5 69. Rg7+ Kh8 70. Rg5 h3 71. gxh3 gxh3 72. Kf3 h2
73. Kg2 Bd6 74. Rg6 Ne4 75. Nd4 Kh7 76. Rxd6 Nxd6 77. Kxh2 1/2-1/2

[Event "Sparkassen 2016"]
[Site "Dortmund GER"]
[Date "10.07.2016"]
[Round "2"]
[White "Caruana, Fabiano"]
[Black "Nisipeanu, Liviu-Dieter"]
[Result "1/2-1/2"]
[WhiteTitle "GM"]
[BlackTitle "GM"]
[WhiteElo "2810"]
[BlackElo "2674"]
[WhiteFideId "2020009"]
[BlackFideId "1202758"]
[EventDate "09.07.2016"]

1. e4 c6 2. d4 d5 3. e5 Bf5 4. Nf3 e6 5. Be2 c5 6. Be3 cxd4 7. Nxd4 Ne7 8. O-O
Nbc6 9. Bb5 a6 10. Bxc6+ Nxc6 11. Nxf5 exf5 12. f4 Qa5 13. Kh1 Bc5 14. Bd2 Qc7
15. Nc3 d4 16. Ne2 O-O 17. Be1 Rad8 18. Qd3 Qb6 19. a3 Qb5 20. Qxb5 axb5 21. Rf3
b4 22. axb4 Bxb4 23. Bf2 Rfe8 24. Nc1 Be7 25. Rb3 f6 26. Nd3 fxe5 27. fxe5 Bg5
28. Bg3 Re7 29. Rb5 Be3 30. e6 Rxe6 31. Rxf5 Ne7 32. Rb5 b6 33. Be5 Rc8 34. c3
dxc3 35. Bxc3 Rd8 36. Re5 Rxe5 37. Nxe5 Nd5 38. g3 Nxc3 39. bxc3 Bg5 40. Rb1 Bf6
41. Nc6 Rd2 42. Rxb6 Bxc3 43. Ne7+ 1/2-1/2

[Event "Sparkassen 2016"]
[Site "Dortmund GER"]
[Date "10.07.2016"]
[Round "2"]
[White "Ponomariov, Ruslan"]
[Black "Najer, Evgeniy"]
[Result "1-0"]
[WhiteTitle "GM"]
[BlackTitle "GM"]
[WhiteElo "2706"]
[BlackElo "2687"]
[WhiteFideId "14103320"]
[BlackFideId "4118987"]
[EventDate "09.07.2016"]

1. Nf3 d5 2. d4 Nf6 3. c4 c6 4. Nc3 dxc4 5. a4 Bf5 6. e3 e6 7. Bxc4 Bb4 8. O-O
O-O 9. Nh4 Nbd7 10. h3 Bg6 11. Nxg6 hxg6 12. Qb3 Qb6 13. Rd1 Rad8 14. Bd2 Ba5
15. Rac1 c5 16. d5 Bxc3 17. Bxc3 Qxb3 18. Bxb3 Nxd5 19. Bxd5 exd5 20. Rxd5 Nb6
21. Rxc5 Nxa4 22. Rc7 Nxc3 23. R1xc3 Rd1+ 24. Kh2 Rd2 25. Rxb7 Rxf2 26. Kg3 Rf6
27. Rxa7 Rb8 28. h4 Kh7 29. Rcc7 Rxb2 30. Rxf7 Rxf7 31. Rxf7 g5 32. hxg5 Rb5 33.
e4 Kg6 34. Ra7 Rxg5+ 35. Kf3 Rb5 36. Kf4 Rb6 37. Ra2 Kf6 38. e5+ Ke6 39. Ra7
Rb4+ 40. Kg5 Rb5 41. g4 Kxe5 42. Rxg7 Ke4+ 43. Kh6 Kf4 44. g5 Kg4 45. Ra7 1-0

[Event "Sparkassen 2016"]
[Site "Dortmund GER"]
[Date "12.07.2016"]
[Round "3"]
[White "Najer, Evgeniy"]
[Black "Caruana, Fabiano"]
[Result "0-1"]
[WhiteTitle "GM"]
[BlackTitle "GM"]
[WhiteElo "2687"]
[BlackElo "2810"]
[WhiteFideId "4118987"]
[BlackFideId "2020009"]
[EventDate "09.07.2016"]

1. e4 c6 2. d4 d5 3. e5 Bf5 4. Nf3 e6 5. Be2 Ne7 6. O-O h6 7. Nbd2 Nd7 8. Nb3 g5
9. Bd2 Qc7 10. a4 a5 11. c4 dxc4 12. Bxc4 Nd5 13. Ne1 Be7 14. Bd3 Nf8 15. Qc2
Bg6 16. Rc1 Qb6 17. Bxg6 Nxg6 18. Nd3 Nh4 19. Rfe1 Nf5 20. Re4 Rg8 21. Ndc5 Qc7
22. Qd1 b6 23. Nd3 Qd7 24. h3 Kf8 25. Kh2 Rd8 26. Rc4 Rc8 27. g3 Nc7 28. Qc2 Na6
29. Ne1 Kg7 30. Nf3 b5 31. Rc3 bxa4 32. Nc5 Bxc5 33. dxc5 Nb4 34. Qb1 Rcd8 35.
Kg2 Qd5 36. Rcc4 Qd3 37. Qa1 Rd5 38. Rg4 Kh8 39. Qc1 Na2 40. Qe1 Rb8 41. Bxg5
hxg5 42. Nxg5 Rd7 43. Rxa4 Nb4 44. Qc1 Nc2 45. Kh2 Nce3 46. Ne4 Qe2 0-1

[Event "Sparkassen 2016"]
[Site "Dortmund GER"]
[Date "12.07.2016"]
[Round "3"]
[White "Dominguez Perez, Leinier"]
[Black "Ponomariov, Ruslan"]
[Result "1-0"]
[WhiteTitle "GM"]
[BlackTitle "GM"]
[WhiteElo "2713"]
[BlackElo "2706"]
[WhiteFideId "3503240"]
[BlackFideId "14103320"]
[EventDate "09.07.2016"]

1. e4 c5 2. Nf3 d6 3. d4 cxd4 4. Nxd4 Nf6 5. Nc3 a6 6. f3 e5 7. Nb3 Be6 8. Be3
h5 9. Nd5 Bxd5 10. exd5 Nbd7 11. Qd2 g6 12. O-O-O Nb6 13. c4 Rc8 14. Na5 Nbxd5
15. Bg5 b6 16. Nb7 Qc7 17. Bxf6 Nxf6 18. Nxd6+ Bxd6 19. Qxd6 Nd7 20. Be2 a5 21.
b3 Qxd6 22. Rxd6 Ke7 23. Rhd1 Rc7 24. Kb2 Rb8 25. R6d5 Ke6 26. Rd6+ Ke7 27. R6d5
Ke6 28. a3 Nf6 29. Rd6+ Ke7 30. R6d2 h4 31. Bd3 Nh5 32. Re1 Kf6 33. Bc2 Nf4 34.
g3 hxg3 35. hxg3 Ne6 36. Rd5 a4 37. Rexe5 axb3 38. Bxb3 Nc5 39. f4 Rd7 40. Bc2
Rh8 41. Rxd7 Nxd7 42. Re3 Nc5 43. Kc3 Rh2 44. a4 Rg2 45. Bb3 Rg1 46. Kb4 Rb1 47.
Ka3 Ra1+ 48. Kb2 Rg1 49. Bc2 Rg2 50. Kc3 Rf2 51. Bb3 Rf1 52. Bc2 Rf2 53. Bd1 Rf1
54. Bb3 Rg1 55. Kb4 Rb1 56. a5 Nxb3 57. Rxb3 bxa5+ 58. Ka4 Rc1 59. Kb5 g5 60.
fxg5+ Kxg5 61. c5 a4 62. Ra3 Kg4 63. c6 f5 64. Rd3 f4 65. gxf4 Kxf4 66. Kb6 Ke4
67. Rd2 Rb1+ 68. Kc5 Ke3 69. Ra2 Rc1+ 70. Kd6 Rd1+ 71. Ke5 Rc1 72. Ra3+ Ke2 73.
Kd5 Rd1+ 74. Kc5 Rc1+ 75. Kb5 1-0

[Event "Sparkassen 2016"]
[Site "Dortmund GER"]
[Date "12.07.2016"]
[Round "3"]
[White "Kramnik, Vladimir"]
[Black "Buhmann, Rainer"]
[Result "1/2-1/2"]
[WhiteTitle "GM"]
[BlackTitle "GM"]
[WhiteElo "2812"]
[BlackElo "2653"]
[WhiteFideId "4101588"]
[BlackFideId "4651340"]
[EventDate "09.07.2016"]

1. e4 e6 2. d4 d5 3. Nc3 Nf6 4. e5 Nfd7 5. f4 c5 6. Nf3 Be7 7. Be3 b6 8. Qd2 O-O
9. h4 Nc6 10. Bb5 Qc7 11. O-O-O a6 12. Bd3 f5 13. g4 c4 14. gxf5 cxd3 15. fxe6
Ndb8 16. Nxd5 Qd8 17. Nxe7+ Nxe7 18. Ng5 h6 19. Qxd3 hxg5 20. hxg5 Bxe6 21. Qh7+
Kf7 22. d5 Bf5 23. e6+ Ke8 24. Qxg7 Qc7 25. Rh2 Nxd5 26. Qxf8+ Kxf8 27. Rxd5 Bh7
28. b3 Ke8 29. g6 Bxg6 30. Rh8+ Ke7 31. f5 Bxf5 32. Rxf5 Qc3 33. Bg5+ Kxe6 34.
Rf6+ Qxf6 35. Bxf6 Kxf6 36. Rh6+ Ke5 37. Rxb6 Kd5 38. Kb2 Nc6 39. a3 Kc5 40. Rb7
Rg8 41. Rh7 Rg2 42. Rh5+ Kd6 43. Kc3 Rg3+ 44. Kb2 Rg2 45. Kc3 Rg3+ 46. Kb2 Rg2 1/2-1/2

[Event "Sparkassen 2016"]
[Site "Dortmund GER"]
[Date "13.07.2016"]
[Round "4"]
[White "Nisipeanu, Liviu-Dieter"]
[Black "Najer, Evgeniy"]
[Result "1/2-1/2"]
[WhiteTitle "GM"]
[BlackTitle "GM"]
[WhiteElo "2674"]
[BlackElo "2687"]
[WhiteFideId "1202758"]
[BlackFideId "4118987"]
[EventDate "09.07.2016"]

1. d4 d5 2. Nf3 Bf5 3. c4 e6 4. Nc3 Nf6 5. Bg5 c6 6. Bxf6 Qxf6 7. Qb3 b6 8. g3
Bd6 9. Bg2 O-O 10. O-O Nd7 11. Nh4 Bg4 12. cxd5 exd5 13. e4 dxe4 14. Nxe4 Qh6
15. Qe3 Qxe3 16. fxe3 Be7 17. Nf2 Be6 18. Bxc6 Rac8 19. Rfc1 Nf6 20. e4 Bc5 21.
dxc5 Rxc6 22. cxb6 Rxb6 23. b3 a5 24. Nf3 a4 25. Nd4 h5 26. bxa4 Rb4 27. Nxe6
fxe6 28. a5 Nxe4 29. Nxe4 Rxe4 30. Re1 Ra4 31. Rxe6 Rxa5 32. a4 Rb8 33. Re4 Rb2
34. Rf1 Ra2 35. Rff4 Kh7 36. Rb4 Kg6 37. h4 Kh7 38. Rb5 R2xa4 39. Rxh5+ Rxh5 40.
Rxa4 Rb5 41. Kg2 g5 42. h5 g4 43. Rxg4 Rxh5 44. Rh4 1/2-1/2

[Event "Sparkassen 2016"]
[Site "Dortmund GER"]
[Date "13.07.2016"]
[Round "4"]
[White "Caruana, Fabiano"]
[Black "Dominguez Perez, Leinier"]
[Result "1/2-1/2"]
[WhiteTitle "GM"]
[BlackTitle "GM"]
[WhiteElo "2810"]
[BlackElo "2713"]
[WhiteFideId "2020009"]
[BlackFideId "3503240"]
[EventDate "09.07.2016"]

1. e4 e5 2. Nf3 Nf6 3. Nxe5 d6 4. Nf3 Nxe4 5. d4 d5 6. Bd3 Nc6 7. O-O Be7 8.
Nbd2 Nxd2 9. Bxd2 Bg4 10. c3 O-O 11. h3 Bh5 12. g3 Qd7 13. Kg2 Bg6 14. Ne1 Bd6
15. Qg4 Qxg4 16. hxg4 Rfe8 17. Bxg6 hxg6 18. Nd3 f6 19. g5 Kf7 20. Rh1 Rh8 21.
b4 Rae8 22. a4 Nd8 23. b5 Ne6 24. Rxh8 Rxh8 25. a5 Ke7 26. a6 b6 27. Re1 Kd7 28.
Bc1 Rh5 29. f4 Nd8 30. Nf2 fxg5 31. fxg5 Ne6 32. Re2 Rh8 33. Nd3 Re8 34. Kf3
Rf8+ 35. Kg2 Re8 36. Kf3 Rf8+ 37. Kg2 1/2-1/2

[Event "Sparkassen 2016"]
[Site "Dortmund GER"]
[Date "13.07.2016"]
[Round "4"]
[White "Ponomariov, Ruslan"]
[Black "Kramnik, Vladimir"]
[Result "1/2-1/2"]
[WhiteTitle "GM"]
[BlackTitle "GM"]
[WhiteElo "2706"]
[BlackElo "2812"]
[WhiteFideId "14103320"]
[BlackFideId "4101588"]
[EventDate "09.07.2016"]

1. d4 Nf6 2. c4 e6 3. Nf3 d5 4. Nc3 c5 5. cxd5 Nxd5 6. e4 Nxc3 7. bxc3 cxd4 8.
cxd4 Bb4+ 9. Bd2 Bxd2+ 10. Qxd2 O-O 11. Bc4 Nd7 12. O-O b6 13. a4 Bb7 14. Rfe1
Rb8 15. Bb5 Nf6 16. Bd3 h6 17. Rab1 Ba8 18. h3 Qe7 19. Rb3 Rfd8 20. Qb2 Rbc8 21.
a5 bxa5 22. Ra3 Rb8 23. Qa2 Qb4 24. Rb1 Qf8 25. Re1 Qb4 26. Rb1 Qf8 27. Re1 1/2-1/2

[Event "Sparkassen 2016"]
[Site "Dortmund GER"]
[Date "15.07.2016"]
[Round "5"]
[White "Dominguez Perez, Leinier"]
[Black "Nisipeanu, Liviu-Dieter"]
[Result "1/2-1/2"]
[WhiteTitle "GM"]
[BlackTitle "GM"]
[WhiteElo "2713"]
[BlackElo "2674"]
[WhiteFideId "3503240"]
[BlackFideId "1202758"]
[EventDate "09.07.2016"]

1. e4 c6 2. d4 d5 3. e5 Bf5 4. Nf3 e6 5. Be2 Ne7 6. O-O c5 7. Na3 Nec6 8. c4 Be4
9. Nb5 Be7 10. dxc5 O-O 11. Be3 Nd7 12. Nd6 b6 13. Nd2 Nxc5 14. N6xe4 dxe4 15.
Qb1 Nxe5 16. Nxe4 f5 17. Nc3 f4 18. Bxc5 Bxc5 19. Qe4 Qg5 20. Bf3 Rad8 21. Rad1
Bd4 22. Nb5 Bxb2 23. Nxa7 Rxd1 24. Rxd1 Rd8 25. Rxd8+ Qxd8 26. Nc6 Qd3 27. Nxe5
Qxe4 28. Bxe4 Bxe5 29. Kf1 Bd4 30. Ke2 g5 31. f3 Kg7 32. h3 h6 33. Kd3 Bc5 34.
Ke2 Kf6 35. Kd3 Kg7 36. Ke2 Kf6 1/2-1/2

[Event "Sparkassen 2016"]
[Site "Dortmund GER"]
[Date "15.07.2016"]
[Round "5"]
[White "Buhmann, Rainer"]
[Black "Ponomariov, Ruslan"]
[Result "0-1"]
[WhiteTitle "GM"]
[BlackTitle "GM"]
[WhiteElo "2653"]
[BlackElo "2706"]
[WhiteFideId "4651340"]
[BlackFideId "14103320"]
[EventDate "09.07.2016"]

1. Nf3 Nf6 2. c4 b6 3. g3 Bb7 4. Bg2 e6 5. O-O Be7 6. d4 O-O 7. d5 exd5 8. Nh4
c6 9. cxd5 Nxd5 10. Nf5 Nc7 11. Nc3 d5 12. e4 Bf6 13. exd5 cxd5 14. Bf4 Nba6 15.
Re1 Bc8 16. Nd6 Bxc3 17. bxc3 Be6 18. a4 Nc5 19. h4 Qd7 20. a5 Bg4 21. f3 Be6
22. g4 Qc6 23. Rb1 Rad8 24. axb6 axb6 25. Nf5 Bxf5 26. gxf5 Nb5 27. Be5 Rfe8 28.
f4 f6 29. c4 fxe5 30. Bxd5+ Rxd5 31. Qxd5+ Qxd5 32. cxd5 Nc3 33. Rxb6 Nxd5 34.
Rd6 Nxf4 35. Ra1 e4 36. Rc6 e3 0-1

[Event "Sparkassen 2016"]
[Site "Dortmund GER"]
[Date "15.07.2016"]
[Round "5"]
[White "Kramnik, Vladimir"]
[Black "Caruana, Fabiano"]
[Result "1/2-1/2"]
[WhiteTitle "GM"]
[BlackTitle "GM"]
[WhiteElo "2812"]
[BlackElo "2810"]
[WhiteFideId "4101588"]
[BlackFideId "2020009"]
[EventDate "09.07.2016"]

1. e4 c5 2. Nf3 e6 3. d4 cxd4 4. Nxd4 Nc6 5. Nc3 Qc7 6. Be3 a6 7. Qf3 Bd6 8.
O-O-O Be5 9. g3 Nf6 10. Qe2 O-O 11. f4 Bxd4 12. Bxd4 Nxd4 13. Rxd4 d6 14. Qd2 b5
15. a3 Bb7 16. Bg2 Rfd8 17. Rd1 Ne8 18. Bh3 Rab8 19. Rd3 Bc6 20. e5 Qb7 21. f5
b4 22. axb4 Qxb4 23. b3 exf5 24. Kb2 g6 25. Bg2 Bxg2 26. Qxg2 Rdc8 27. Nd5 Qe4
28. Qxe4 fxe4 29. Re3 Kg7 30. Rxe4 dxe5 31. Rxe5 Nd6 32. Ne3 Rc6 33. Re7 Nf5 34.
Nxf5+ gxf5 35. Rd4 Rh6 36. Rf4 Rxh2 37. Rxf5 Rf8 38. Ra7 Rg2 39. Rf3 h5 40. b4
Rc8 41. Rfxf7+ Kh6 42. Rxa6+ Kg5 43. Ra5+ Kg6 44. Rf3 Rcxc2+ 45. Kb3 Rb2+ 46.
Ka4 Ra2+ 47. Kb5 Rae2 48. Ra6+ Kg5 49. Rc6 Kg4 50. Rfc3 Re5+ 51. Kb6 Rb2 52.
R6c4+ Kf5 53. Rf4+ Kg5 54. Rd4 Kf5 55. Kc6 Re6+ 56. Kd7 Rb6 57. Rc5+ Kg6 58.
Rc6+ Rxc6 59. Kxc6 Rb3 60. b5 Rc3+ 61. Kd6 Rxg3 62. b6 Rb3 63. Kc6 Kg5 64. Rd5+
Kg4 65. Rb5 Rc3+ 66. Kd7 Rd3+ 67. Ke7 Re3+ 68. Kf7 Rf3+ 69. Kg6 h4 70. b7 Rf8
71. Rg5+ Kh3 72. Rb5 Kg2 73. Rg5+ Kh3 74. Rb5 Kg2 75. Kh5 h3 76. Rb2+ Kg1 77.
Rb1+ Kg2 78. Rb2+ Kg1 79. Kg4 h2 80. Rb1+ Kg2 81. Rb2+ Kg1 82. b8=Q Rxb8 83.
Rxb8 h1=Q 84. Rb1+ Kg2 85. Rxh1 Kxh1 1/2-1/2

[Event "Sparkassen 2016"]
[Site "Dortmund GER"]
[Date "16.07.2016"]
[Round "6"]
[White "Caruana, Fabiano"]
[Black "Buhmann, Rainer"]
[Result "1-0"]
[WhiteTitle "GM"]
[BlackTitle "GM"]
[WhiteElo "2810"]
[BlackElo "2653"]
[WhiteFideId "2020009"]
[BlackFideId "4651340"]
[EventDate "09.07.2016"]

1. Nf3 d5 2. g3 c5 3. Bg2 Nc6 4. O-O e5 5. c4 d4 6. d3 Nf6 7. e3 Bd6 8. exd4
cxd4 9. Bg5 h6 10. Bxf6 Qxf6 11. Nbd2 Bc7 12. Qa4 O-O 13. b4 Bf5 14. Qb3 Rab8
15. Rfe1 a6 16. Rac1 Rfd8 17. a3 Qe7 18. b5 Na5 19. Qb4 Qf6 20. Ne4 Bxe4 21.
Rxe4 axb5 22. cxb5 Qb6 23. Nxe5 Bd6 24. Qb2 Rbc8 25. a4 Rxc1+ 26. Qxc1 Qc5 27.
Qxc5 Bxc5 28. h4 h5 29. Bf3 g6 30. Rf4 1-0

[Event "Sparkassen 2016"]
[Site "Dortmund GER"]
[Date "16.07.2016"]
[Round "6"]
[White "Najer, Evgeniy"]
[Black "Dominguez Perez, Leinier"]
[Result "1/2-1/2"]
[WhiteTitle "GM"]
[BlackTitle "GM"]
[WhiteElo "2687"]
[BlackElo "2713"]
[WhiteFideId "4118987"]
[BlackFideId "3503240"]
[EventDate "09.07.2016"]

1. d4 d5 2. c4 e6 3. Nc3 Be7 4. Nf3 Nf6 5. Bf4 O-O 6. e3 b6 7. Bd3 dxc4 8. Bxc4
Ba6 9. Bxa6 Nxa6 10. Qe2 Qc8 11. e4 Re8 12. O-O c5 13. Rad1 h6 14. h3 Bf8 15.
Be5 Nd7 16. Bg3 Qb7 17. d5 exd5 18. Nxd5 Rac8 19. b3 Nb4 20. Nc3 a6 21. Qd2 Nf6
22. a3 Nc6 23. e5 Rcd8 24. Qc2 Nd4 25. Nxd4 cxd4 26. exf6 Qc6 27. Rd3 dxc3 28.
Qxc3 Qxc3 29. Rxc3 Bxa3 30. Rc6 Bc5 31. fxg7 Kxg7 32. b4 Bxb4 33. Rxb6 a5 34.
Rc1 Rd5 35. Ra6 Rf5 36. Rc4 h5 37. Rf4 Rd5 38. Kh2 Re1 39. Ra7 Be7 40. f3 Re6
41. h4 Kg6 42. Re4 Bd8 43. Rxe6+ fxe6 44. Be1 Rd4 45. g3 a4 46. Ba5 Bf6 47. Bc3
Rd3 48. Bxf6 Kxf6 49. Rxa4 Rxf3 50. Kg2 Rd3 51. g4 hxg4 52. Rxg4 Kf5 53. Rg3
Rxg3+ 54. Kxg3 1/2-1/2

[Event "Sparkassen 2016"]
[Site "Dortmund GER"]
[Date "16.07.2016"]
[Round "6"]
[White "Nisipeanu, Liviu-Dieter"]
[Black "Kramnik, Vladimir"]
[Result "1/2-1/2"]
[WhiteTitle "GM"]
[BlackTitle "GM"]
[WhiteElo "2674"]
[BlackElo "2812"]
[WhiteFideId "1202758"]
[BlackFideId "4101588"]
[EventDate "09.07.2016"]

1. d4 Nf6 2. c4 e6 3. Nf3 d5 4. e3 Be7 5. b3 O-O 6. Bb2 c5 7. Bd3 cxd4 8. exd4
Nc6 9. O-O b6 10. Nbd2 Bb7 11. Rc1 Rc8 12. Re1 Re8 13. a3 Bf8 14. c5 a5 15. Bc3
bxc5 16. dxc5 d4 17. Bb2 e5 18. Ng5 Rc7 19. Bc4 h6 20. Nge4 Bc8 21. Nxf6+ Qxf6
22. b4 axb4 23. axb4 Nxb4 24. Bxd4 Bb7 25. Qg4 Kh8 26. Ne4 Qf4 27. Qxf4 exf4 28.
Nd2 Rxe1+ 29. Rxe1 Rd7 30. Nb3 Nc2 31. Re8 Kg8 32. Bb5 Rxd4 33. Nxd4 Nxd4 34.
Rb8 Be4 35. Bd7 g5 36. Rc8 f3 37. g3 Bb7 38. Rb8 Bd5 39. Rd8 Kg7 40. Bb5 Nxb5
41. Rxd5 Nc3 42. Rd3 Ne2+ 43. Kf1 Bxc5 44. Rxf3 Nd4 45. Rc3 Bd6 46. Kg2 h5 47.
Rc4 Nf5 48. Ra4 f6 49. Ra5 Kg6 50. Ra6 Be5 51. Ra5 Nd4 52. Ra4 Kf5 53. Ra8 g4
54. h3 Nf3 55. hxg4+ hxg4 56. Rg8 Bd4 57. Rd8 Ke4 58. Re8+ Be5 59. Rg8 Ng5 60.
Ra8 Kf5 61. Ra4 Ne4 62. Ra5 Nd2 63. Ra4 Nf3 64. Ra8 Bd4 65. Rd8 Ke4 66. Re8+ Ne5
67. Re6 Kf5 68. Rd6 Ba7 69. Rd8 Bb6 70. Rb8 Bd4 71. Rd8 Ke4 72. Re8 Bc5 73. Rg8
Kd3 74. Rc8 Bd4 75. Rd8 Nf3 76. Rg8 Ng5 77. Rd8 Ke4 78. Re8+ Kf5 79. Rd8 Ne6 80.
Ra8 Bb6 81. Rb8 Bc5 82. Rc8 Bd4 83. Ra8 Be5 84. Rc8 Bd6 85. Rc6 Ke5 86. Rc4 Nd4
87. Rc8 Ke4 88. Rg8 f5 89. Re8+ Be5 90. Re7 Nc2 91. Re8 Ne1+ 92. Kf1 Nd3 93. Kg2
Nb4 94. Re7 Nd5 95. Re8 Nf6 96. Ra8 Bd4 97. Rd8 Ke5 98. f3 Bb6 99. Rb8 Nd5 100.
fxg4 fxg4 101. Rg8 Kf5 102. Re8 Bd4 103. Rf8+ Ke4 104. Rg8 Ne3+ 105. Kf2 Kd3
106. Rg6 Nc4+ 107. Kg2 Ne5 108. Rg5 Ke4 109. Rg8 Bc5 110. Rg7 Kf5 111. Rg8 Nd7
112. Rc8 Be3 113. Re8 Bb6 114. Rc8 Nf6 115. Rb8 Bd4 116. Rb7 Be5 117. Rb5 Ke4
118. Rb4+ Kd3 119. Rb3+ Ke4 120. Rb4+ Bd4 121. Rb8 Kd3 122. Rd8 Ke3 123. Ra8 Bc3
124. Rc8 Kd3 125. Rc7 Bd4 126. Rg7 Be5 127. Rg6 Ke4 128. Rg5 Bd6 129. Kf2 Bc7
130. Kg2 Be5 131. Kf2 Kd5 132. Kg2 Ke6 133. Kh2 Bc3 134. Kg2 Bd2 135. Rg7 Kf5
136. Rf7 Bb4 137. Rb7 Bd6 138. Rb5+ Kg6 139. Ra5 Ne4 140. Ra4 Kf5 141. Ra5+ Ke6
142. Ra4 Kd5 143. Ra8 Ke5 144. Ra5+ Kd4 145. Ra8 Ke3 146. Rg8 1/2-1/2

[Event "Sparkassen 2016"]
[Site "Dortmund GER"]
[Date "17.07.2016"]
[Round "7"]
[White "Ponomariov, Ruslan"]
[Black "Caruana, Fabiano"]
[Result "1/2-1/2"]
[WhiteTitle "GM"]
[BlackTitle "GM"]
[WhiteElo "2706"]
[BlackElo "2810"]
[WhiteFideId "14103320"]
[BlackFideId "2020009"]
[EventDate "09.07.2016"]

1. d4 Nf6 2. c4 e6 3. Nf3 c5 4. g3 cxd4 5. Nxd4 Qc7 6. Nc3 a6 7. Bg2 Qxc4 8. O-O
Nc6 9. Nb3 d5 10. Bf4 Be7 11. a3 a5 12. Rc1 Qa6 13. a4 O-O 14. Nb5 Qb6 15. Bc7
Qa6 16. Bf4 Qb6 17. Bc7 Qa6 18. Bf4 1/2-1/2

[Event "Sparkassen 2016"]
[Site "Dortmund GER"]
[Date "17.07.2016"]
[Round "7"]
[White "Buhmann, Rainer"]
[Black "Nisipeanu, Liviu-Dieter"]
[Result "1/2-1/2"]
[WhiteTitle "GM"]
[BlackTitle "GM"]
[WhiteElo "2653"]
[BlackElo "2674"]
[WhiteFideId "4651340"]
[BlackFideId "1202758"]
[EventDate "09.07.2016"]

1. Nf3 d5 2. d4 Bf5 3. c4 e6 4. Nc3 Nf6 5. Bf4 Bb4 6. Qa4+ Nc6 7. Ne5 O-O 8.
Nxc6 Bxc3+ 9. bxc3 bxc6 10. Qxc6 Qb8 11. Qb5 dxc4 12. Qxb8 Rfxb8 13. Bxc7 Rb2
14. f3 Bb1 15. Kd1 Nd5 16. Kc1 Rxa2 17. Rxb1 Nxc7 18. e4 Ra4 19. Be2 f5 20. Rf1
Rf8 21. Rb7 Na8 22. Kb2 Nb6 23. Bd1 Ra5 24. Bc2 Rf7 25. Rb8+ Rf8 26. Rb7 Rf7 27.
Rb8+ Rf8 1/2-1/2